El fideicomiso de "eo quod superavit" en derecho romano : (Record no. 56808)

MARC details
000 -LEADER
campo de control de longitud fija 00788nam a2200229 i 4500
001 - NÚMERO DE CONTROL
campo de control 56808
003 - IDENTIFICADOR DE NÚMERO DE CONTROL
campo de control ES-MaACL
005 - FECHA Y HORA DE LA ÚLTIMA TRANSACCIÓN
campo de control 20231215063511.0
007 - CAMPO FIJO DE DESCRIPCIÓN FÍSICA--INFORMACIÓN GENERAL
campo de control de longitud fija t|
008 - DATOS DE LONGITUD FIJA--INFORMACIÓN GENERAL
campo de control de longitud fija 031013s1926 sp ||||1| spa d
040 ## - FUENTE DE CATALOGACIÓN
Centro/agencia transcriptor ES-MaACL
080 ## - NÚMERO DE LA CLASIFICACIÓN DECIMAL UNIVERSAL
Número de la Clasificación Decimal Universal 347.67(37)
100 1# - ENTRADA PRINCIPAL--NOMBRE DE PERSONA
Nombre de persona Diego y Gutiérrez, Felipe Clemente de,
9 (RLIN) 234641
Fechas asociadas al nombre 1866-1945
Término indicativo de función/relación Autor
245 13 - MENCIÓN DEL TÍTULO
Título El fideicomiso de "eo quod superavit" en derecho romano :
Resto del título discurso leído en la inauguración del curso... 1926 a 1927 /
Mención de responsabilidad, etc. por Felipe Clemente de Diego.
260 ## - PUBLICACIÓN, DISTRIBUCIÓN, ETC.
Lugar de publicación, distribución, etc. Madrid :
Nombre del editor, distribuidor, etc. [s.n.,
Fecha de publicación, distribución, etc. 1926]
Fabricante (Imp. Colonial)
300 ## - DESCRIPCIÓN FÍSICA
Extensión 100 p. ;
Dimensiones 27 cm.
650 #7 - PUNTO DE ACCESO ADICIONAL DE MATERIA--TÉRMINO DE MATERIA
Término de materia o nombre geográfico como elemento de entrada Fideicomiso (Derecho romano)
9 (RLIN) 234644
852 ## - LOCALIZACIÓN
Ubicación ES-MaACL
Número de control de estantería 1600-F-36
942 ## - ELEMENTOS DE ENTRADA SECUNDARIOS (KOHA)
Tipo de ítem Koha Folleto
Suprimir en OPAC No
Holdings
Estatus retirado Estado de pérdida Estado de daño No para préstamo Colección Biblioteca de origen Biblioteca actual Ubicación en estantería Fecha de adquisición Fuente de adquisición Total de préstamos Signatura topográfica completa Código de barras Visto por última vez Precio de reemplazo Tipo de ítem Koha
        Colección de folletos Biblioteca del Ateneo de Madrid Biblioteca del Ateneo de Madrid Depósito folletos 17/01/2008     1600-F-36 1059651 23/02/2023 23/02/2023 Folleto